Festive in death /
Personal trainer Trey Ziegler was in peak physical condition. If you didn₂t count the kitchen knife in his well-toned chest. Lieutenant Eve Dallas soon discovers a lineup of women who₂d been loved and left by the narcissistic gym rat. While Dallas sorts through the list of Ziegler₂s enemies, she tri...
| Main Author: | |
|---|---|
| Corporate Author: | |
| Other Authors: | |
| Format: | CD Audio Book |
| Language: | English |
| Published: |
Grand Haven, MI :
Brilliance Audio,
[2014]
|
| Edition: | Unabridged. |
| Series: | Robb, J. D., 1950- In death novel.
Brilliance Audio on compact disc. |
| Subjects: |
MARC
| Tag | First Indicator | Second Indicator | Subfields |
|---|---|---|---|
| LEADER | 00000cim a2200000Ii 4500 | ||
| 001 | in00003477389 | ||
| 005 | 20151206104208.0 | ||
| 007 | sd fungnnmmneu | ||
| 008 | 140804s2014 miunnnn f n eng d | ||
| 020 | |a 9781480511651 | ||
| 020 | |a 148051165X | ||
| 020 | |a 9781480511675 (Library edition) | ||
| 020 | |a 1480511676 (Library edition) | ||
| 024 | 3 | |a 9781480511651 | |
| 035 | |a (OCoLC)ocn885210394 | ||
| 037 | |b Midwest Tape |n http://www.midwesttapes.com | ||
| 040 | |a TEFMT |b eng |e rda |c TEFMT |d TEF |d LD4 |d UtOrBLW | ||
| 043 | |a n-us-ny | ||
| 049 | |a TXAM | ||
| 050 | 4 | |a PS3568.O243 |b F47 2014ab | |
| 082 | 0 | 4 | |a 813/.54 |2 23 |
| 090 | |a PS3568.O243 |b F47 2014b | ||
| 100 | 1 | |a Robb, J. D., |d 1950- |e author. | |
| 245 | 1 | 0 | |a Festive in death / |c J. D. Robb. |
| 250 | |a Unabridged. | ||
| 264 | 1 | |a Grand Haven, MI : |b Brilliance Audio, |c [2014] | |
| 264 | 4 | |c ℗2014 | |
| 300 | |a 11 audio discs (13 hr., 17 min.) : |b CD audio, digital ; |c 4 3/4 in. | ||
| 336 | |a spoken word |b spw |2 rdacontent | ||
| 337 | |a audio |b s |2 rdamedia | ||
| 338 | |a audio disc |b sd |2 rdacarrier | ||
| 344 | |a digital |2 rda | ||
| 347 | |a audio file |b CD audio |2 rda | ||
| 490 | 1 | |a In death novel | |
| 490 | 1 | |a Brilliance Audio on compact disc | |
| 511 | 0 | |a Performed by Susan Ericksen. | |
| 508 | |a Director, Kevon Klemple. | ||
| 500 | |a Compact discs. | ||
| 520 | |a Personal trainer Trey Ziegler was in peak physical condition. If you didn₂t count the kitchen knife in his well-toned chest. Lieutenant Eve Dallas soon discovers a lineup of women who₂d been loved and left by the narcissistic gym rat. While Dallas sorts through the list of Ziegler₂s enemies, she tries to put aside her distaste for the victim and solve the mystery of his death. There are just a few investigating days left before Christmas, and this cop is resolved to stop a cold-blooded killer. | ||
| 500 | |a Sound recording. | ||
| 650 | 0 | |a Dallas, Eve (Fictitious character) |v Fiction. | |
| 650 | 0 | |a Policewomen |z New York (State) |z New York |v Fiction. | |
| 650 | 0 | |a Murder |x Investigation |v Fiction. | |
| 650 | 0 | |a Personal trainers |x Crimes against |v Fiction. | |
| 655 | 7 | |a Audiobooks. |2 lcgft | |
| 655 | 7 | |a Mystery fiction. |2 gsafd | |
| 700 | 1 | |a Ericksen, Susan, |e narrator. | |
| 710 | 2 | |a Brilliance Audio (Firm) | |
| 800 | 1 | |a Robb, J. D., |d 1950- |t In death novel. | |
| 830 | 0 | |a Brilliance Audio on compact disc. | |
| 948 | |a cataloged |b h |c 2014/10/7 |d c |e ceaton |f 9:01:32 am | ||
| 994 | |a C0 |b TXA | ||
| 999 | |a MARS | ||
| 999 | f | f | |s fac29848-acbb-3a7f-9fc0-33033534ffc1 |i 88442621-cfab-3433-801b-f18528b0cb9b |t 0 |
| 952 | f | f | |p normal |a Texas A&M University |b College Station |c Sterling C. Evans Library |d Evans: Library Stacks |t 0 |e PS3568.O243 F47 2014b |h Library of Congress classification |i audio -- audio disc |m A14842748254 |
| 998 | f | f | |a PS3568.O243 F47 2014b |t 0 |l Evans: Library Stacks |